Montenegrin-Yugoslav 1990s Music Quiz: Name the Artist - Statistics

General Stats
  • This quiz has been taken 5 times
  • The average score is 12 of 30
Answer Stats
Song Release Date Artist % Correct
Duka diesel 1996 Monteniggers
100%
Mia bella signorina 1998 Knez
67%
Sviđaš mi se, sviđaš 1999 Šako Polumenta
67%
Mutivoda 1999 Sanja Đorđević
67%
Željo moja moj otrove 1990 Zoran Kalezić
67%
More nemirno 1998 Bisernice Boke
33%
Milena 1992 Bojan Bajramović
33%
Dobro jutro Crna Goro 1993 Bole Bošković
33%
Anđele moj 1996 Božo Bulatović
33%
Najdraži druže (Oče moj) 1994 Branislav Vuksanović Bato
33%
Bjelasicom pasla stada* 1994 Branka Šćepanović
33%
Ma daj, obuci levisice 1991 Daniel Popović
33%
Dan samo zna, Tamara 1992 Dejan Božović
33%
Još jednom ljetu je kraj 1997 Gavro Ugrenović
33%
Tebi koja si me voljela 1997 Katapult
33%
Povratak 1996 Klapa Stari Kapetan
33%
Voli me još 1997 Labud Petričević
33%
Bumbar 1996 Lina
33%
Da mi je znati 1995 Makadam
33%
Teutina serenada 1998 Marinko Pavičević i Edita Brkan
33%
Do svidanja, Anja 1998 Mićo Vujović
33%
Ima jedno oko 1996 Mirko Rondović
33%
Kome dolaziš u san 1992 Perper
33%
Svojom stranom ulice 1991 Ponoćni Express
33%
Halid invalid, Hari 1991 Rambo Amadeus
33%
A ja imam tebe 1993 Rođa Raičević
33%
Takva se žena jednom rađa 1998 Sejo Kalač
33%
Bila si ruža 1998 Sergej Ćetković
33%
Ljetna noć 1997 Svetlana Raičković
33%
Dobro veče, Danice 1993 Tanja Jabučanin
33%
No matching quizzes found
Score Distribution
Percent of People with Each Score
Percentile by Number Answered
Your Score History
You have not taken this quiz